Normal view
MARC view
Entry Topical Term
001 - CONTROL NUMBER
- control field: 2630
003 - CONTROL NUMBER IDENTIFIER
- control field: OSt
005 - DATE AND TIME OF LATEST TRANSACTION
- control field: 20150121174535.0
008 - FIXED-LENGTH DATA ELEMENTS
- fixed length control field: 150121|| aca||aabn | a|a d
040 ## - CATALOGING SOURCE
- Original cataloging agency: OSt
- Transcribing agency: OSt
150 ## - HEADING--TOPICAL TERM
- Topical term or geographic name entry element: Medical microbiology
- General subdivision: Outlines, syllabi, etc.
670 ## - SOURCE DATA FOUND
- Source citation: Work cat.: (OSt)975: Benn, R. A. V. 2628, Aids to microbiology and infectious diseases /, 1985.
